Wordt geladen...
Financial Management
| Hoofdauteur: | |
|---|---|
| Formaat: | Printed Book |
| Taal: | Undetermined English |
| Gepubliceerd in: |
Mumbai
Indian Institute of Banking Finance
2005
|
| Onderwerpen: |
| LEADER | 00571nam a2200181Ia 4500 | ||
|---|---|---|---|
| 008 | 140306s9999 xx 000 0 und d | ||
| 020 | |a 1403926678 | ||
| 041 | |a eng | ||
| 082 | |a 658.15 |b IND/FI | ||
| 100 | |a Indian Institute of Banking | ||
| 245 | |a Financial Management | ||
| 260 | |a Mumbai |b Indian Institute of Banking Finance |c 2005 | ||
| 300 | |a 455 | ||
| 365 | |b Rs. 265/- | ||
| 650 | |a Ratio Analysis | ||
| 942 | |2 ddc |c BK | ||
| 999 | |c 187223 |d 187223 | ||
| 952 | |0 0 |1 0 |2 ddc |4 0 |6 658_150000000000000_IND_FI |7 0 |9 193310 |a KAUCBV |b KAUCBV |g 265.00 |o 658.15 IND/FI |r 2014-03-22 |w 2014-03-22 |y BK | ||